| 000 | 01123nam a22002657a 4500 | ||
|---|---|---|---|
| 999 |
_c65753 _d65753 |
||
| 005 | 20240530110841.0 | ||
| 008 | 200909s2019 ua f 000 0 ara d | ||
| 017 |
_a2019/21802 _bمصر. دار الكتب |
||
| 020 | _a9789779125527 | ||
| 040 |
_aEG-CaGPL _cEG-CaGPL |
||
| 082 | 0 | 4 |
_221 _a359.00962 _bق/ع ب |
| 100 | 0 | _aعبده مباشر | |
| 245 | 1 | 2 |
_aالبحرية المصرية من محمد على الى السادات 1800 - 1973 / _cتاليف عبده مباشر |
| 250 | _aط.1 | ||
| 260 |
_aالقاهرة : _bالهيئة المصرية العامة للكتاب، _c2019. |
||
| 300 |
_a423 ص. ؛ _c24 سم. |
||
| 504 | _aيشتمل على ارجاعات ببليوجرافية | ||
| 650 | 0 | 7 |
_2المعارك البحرية _zمصر |
| 651 | 0 | 7 |
_2qrmak _aمصر _xالتاريخ البحرى |
| 651 | 0 | 7 |
_aمصر _xالتاريخ البحرى _yعصر محمد على |
| 651 | 0 | 7 |
_aمصر _xالتاريخ البحرى _yعصر اسماعيل |
| 651 | 0 | 7 |
_aمصر _xالتاريخ البحرى _yالعصر الحديث |
| 942 |
_2ddc _cBK |
||